[Event "WORLD YOUTH UNDER-16 CHESS OLYMPIAD"]
[Site "BURDUR"]
[Date "2010.12.03"]
[Round "9"]
[White "Iyti Basher"]
[Black "Gabuzyan Hovhannes"]
[Result "1/2-1/2"]
[WhiteElo "2125"]
[BlackElo "2287"]
[PlyCount "197"]
[EventDate "2010.??.??"]

1. d4 Nf6 2. Nf3 g6 3. c3 Bg7 4. Bf4 O-O 5. e3 d6 6. h3 Nbd7 7. Bc4 b6 8. O-O
Bb7 9. Qe2 c5 10. Nbd2 Rc8 11. Rfe1 h6 12. Rad1 Qc7 13. Bh2 Kh7 14. Bb3 Ne4 15.
Nxe4 Bxe4 16. Nd2 Bb7 17. h4 Nf6 18. e4 cxd4 19. cxd4 e5 20. Nf3 Nh5 21. Qd2
Rfd8 22. Rc1 Qe7 23. Rxc8 Bxc8 24. Qb4 Qc7 25. dxe5 dxe5 26. Qc4 Qxc4 27. Bxc4
f6 28. Bd5 Bf8 29. Rc1 Bd6 30. Nd4 exd4 31. Bxd6 Rxd6 32. Rxc8 Nf4 33. Rc7+ Kh8
34. Bb3 d3 35. g3 Ne2+ 36. Kf1 Nd4 37. Bd1 a5 38. Ke1 d2+ 39. Kf1 Re6 40. f3 f5
41. Rd7 Nb5 42. Rxd2 fxe4 43. fxe4 Rxe4 44. Rd8+ Kg7 45. Rd7+ Kf6 46. Be2 Rb4
47. Rd2 Nc7 48. a3 Re4 49. Kf2 g5 50. hxg5+ hxg5 51. Bf3 Re6 52. Bg4 Rc6 53.
Bf3 Re6 54. Rd7 Nb5 55. Be2 Nd6 56. Bg4 Ne4+ 57. Kf3 Re5 58. Rd4 Nc5 59. Rd6+
Ke7 60. Rxb6 Nd3 61. Rb7+ Kf6 62. Rb6+ Ke7 63. Bh5 Re1 64. Bg6 Ne5+ 65. Kf2 Rd1
66. Ke2 Rh1 67. Bd3 Rh2+ 68. Ke3 Rg2 69. Bf1 Rxg3+ 70. Ke4 Nd7 71. Rb5 a4 72.
Rb4 Rg4+ 73. Kd5 Rg1 74. Bb5 g4 75. Re4+ Kd8 76. Rd4 g3 77. Kc4 g2 78. Rxd7+
Kc8 79. Rg7 Rc1+ 80. Kb4 g1=Q 81. Rxg1 Rxg1 82. Bxa4 Rg4+ 83. Ka5 Kb7 84. Bb5
Rg3 85. Kb4 Kb6 86. a4 Rg4+ 87. Bc4 Rg5 88. b3 Rh5 89. Ka3 Rh3 90. Kb4 Rh5 91.
Kc3 Rh3+ 92. Kb4 Rh5 93. Bb5 Rh4+ 94. Bc4 Rh5 95. Kc3 Rh3+ 96. Bd3 Ka5 97. Kd4
Rh4+ 98. Kc5 Rxa4 99. bxa4 1/2-1/2

[Event "WORLD YOUTH UNDER-16 CHESS OLYMPIAD"]
[Site "BURDUR"]
[Date "2010.12.03"]
[Round "9"]
[White "Shahinyan David"]
[Black "FM Al-Tarboush Ward"]
[Result "1/2-1/2"]
[WhiteElo "2282"]
[BlackElo "2258"]
[PlyCount "143"]
[EventDate "2010.??.??"]

1. e4 e6 2. d4 d5 3. e5 c5 4. c3 Nc6 5. Nf3 Bd7 6. a3 Qa5 7. dxc5 Qc7 8. Bf4
Bxc5 9. b4 Bb6 10. Bd3 Nge7 11. O-O Ng6 12. Bg3 Rc8 13. Re1 Nce7 14. h4 h6 15.
h5 Nf8 16. Nh4 f5 17. Qf3 Qd8 18. a4 a5 19. Na3 Nh7 20. Bf4 O-O 21. Rec1 Ng5
22. Qg3 axb4 23. cxb4 Ne4 24. Rxc8 Qxc8 25. Bxe4 fxe4 26. a5 Bd4 27. Rc1 Qb8
28. Nc2 Rxf4 29. Nxd4 Rf8 30. Ng6 Nxg6 31. hxg6 Qa7 32. Qe3 Qb8 33. Qg3 Rc8 34.
Rxc8+ Qxc8 35. Qf4 Qe8 36. Qg3 Qc8 37. b5 Qc1+ 38. Kh2 Qc8 39. Qf4 Qe8 40. Qf7+
Qxf7 41. gxf7+ Kxf7 42. b6 Bc8 43. Nb5 Ke7 44. Nd6 Kd7 45. Kg1 h5 46. Kf1 h4
47. Ke2 g5 48. Ke3 g4 49. Kf4 h3 50. Kg3 d4 51. gxh3 gxh3 52. Kxh3 e3 53. fxe3
d3 54. Ne4 Kc6 55. Kg3 Kb5 56. Kf2 Kxa5 57. Nd6 Bd7 58. Nxb7+ Kxb6 59. Nd6 Kc5
60. Ke1 Bb5 61. Kd2 Ba6 62. Ne4+ Kd5 63. Nf2 Kxe5 64. Nxd3+ Bxd3 65. Kxd3 Kd5
66. e4+ Kc5 67. Ke3 Kc4 68. e5 Kd5 69. Kf4 Kd4 70. Kf3 Kxe5 71. Ke3 Kd5 72. Kd3
1/2-1/2

[Event "WORLD YOUTH UNDER-16 CHESS OLYMPIAD"]
[Site "BURDUR"]
[Date "2010.12.03"]
[Round "9"]
[White "IM Stukopin Andrey"]
[Black "FM Atabayev Maksat"]
[Result "1-0"]
[WhiteElo "2458"]
[BlackElo "2342"]
[PlyCount "111"]
[EventDate "2010.??.??"]

1. e4 e6 2. d4 d5 3. Nc3 Nf6 4. Bg5 Bb4 5. e5 h6 6. Bh4 g5 7. Bg3 Ne4 8. Nge2
c5 9. a3 Bxc3+ 10. Nxc3 Nxc3 11. bxc3 Qa5 12. Qd2 cxd4 13. cxd4 Qxd2+ 14. Kxd2
Nc6 15. h4 g4 16. c3 Na5 17. Kc2 Bd7 18. a4 h5 19. Bf4 Rc8 20. Bg5 Rg8 21. Bd3
Rc4 22. Bxc4 dxc4 23. f3 gxf3 24. gxf3 Bc6 25. Rh3 Nb3 26. Ra2 Kd7 27. Kd1 Rg6
28. Ke1 Nc1 29. Bxc1 Rg1+ 30. Kf2 Rxc1 31. Ra3 a5 32. Ke3 Rd1 33. Kf4 Rd3 34.
Kg5 Rd1 35. Kxh5 Rg1 36. Kh6 Ke7 37. h5 Rg8 38. Ra2 f6 39. Kh7 Kf7 40. exf6 Rg5
41. Kh6 Rg8 42. Rb2 Rg1 43. Rf2 Rg8 44. Rh4 Rh8+ 45. Kg5 Bxa4 46. h6 Bc6 47. h7
b5 48. Ra2 a4 49. Rb2 Bd7 50. Rh6 Bc6 51. Kf4 Be8 52. Ke5 Bc6 53. Rg2 a3 54.
Rg7+ Kf8 55. Rhg6 a2 56. Rg8+ 1-0

[Event "WORLD YOUTH UNDER-16 CHESS OLYMPIAD"]
[Site "BURDUR"]
[Date "2010.12.03"]
[Round "9"]
[White "FM Atabayev Yusup"]
[Black "Eliseev Urii"]
[Result "1/2-1/2"]
[WhiteElo "2295"]
[BlackElo "2374"]
[PlyCount "108"]
[EventDate "2010.??.??"]

1. e4 c5 2. Nf3 g6 3. d4 Bg7 4. dxc5 Qa5+ 5. c3 Qxc5 6. Be3 Qa5 7. Bd3 Nf6 8.
O-O O-O 9. c4 Nc6 10. Nc3 d6 11. h3 Be6 12. a3 Nd7 13. b4 Qd8 14. Rc1 a5 15.
Qb3 axb4 16. axb4 Nde5 17. Nxe5 Bxe5 18. f4 Bg7 19. f5 Bd7 20. b5 Bd4 21. Bxd4
Nxd4 22. Qb2 e6 23. Nd5 exd5 24. Qxd4 dxe4 25. Bxe4 Qh4 26. Rcd1 Ra4 27. fxg6
hxg6 28. Rf6 Be6 29. Bxb7 Qxd4+ 30. Rxd4 Rxc4 31. Rxd6 Rb4 32. Bc6 Bc4 33. Bd5
Bxd5 34. Rxd5 Rb8 35. Rd7 R4xb5 36. Rfxf7 Rg5 37. Rf2 Re8 38. Kh2 Rc8 39. Rb2
Rf8 40. Rc2 Rf7 41. Rcc7 Rf2 42. Rd8+ Rf8 43. Rxf8+ Kxf8 44. h4 Rh5 45. g3 g5
46. Rc5 Kf7 47. Kg2 Kg6 48. Rc6+ Kg7 49. hxg5 Rxg5 50. Kf3 Ra5 51. Rc4 Kg6 52.
Kf4 Rf5+ 53. Ke4 Ra5 54. Rd4 Kg5 1/2-1/2

[Event "WORLD YOUTH UNDER-16 CHESS OLYMPIAD"]
[Site "BURDUR"]
[Date "2010.12.03"]
[Round "9"]
[White "Artemenko Oleg"]
[Black "IM Rao Prasanna"]
[Result "0-1"]
[WhiteElo "2195"]
[BlackElo "2400"]
[PlyCount "84"]
[EventDate "2010.??.??"]

1. d4 Nf6 2. c4 e6 3. Nc3 d5 4. Bg5 Be7 5. e3 h6 6. Bh4 O-O 7. Nf3 b6 8. Qc2
Bb7 9. Rd1 Ne4 10. Nxd5 exd5 11. Bxe7 Qxe7 12. Bd3 Nc3 13. Qxc3 c5 14. cxd5
cxd4 15. Nxd4 Rc8 16. Qd2 Bxd5 17. O-O Nd7 18. Ba6 Rd8 19. b4 Ne5 20. f4 Ng4
21. h3 Nf6 22. Qb2 Ne4 23. Nf3 Nd6 24. Qe2 Nf5 25. Qe1 Be4 26. Rxd8+ Rxd8 27.
Rf2 Rd6 28. Nd2 Qd7 29. Kh2 Bd3 30. Nc4 Bxc4 31. Bxc4 Qc6 32. Bb3 Rd3 33. e4
Nd4 34. e5 h5 35. Qf1 Qc3 36. f5 Nxb3 37. axb3 Qxe5+ 38. Kg1 Re3 39. Qc4 Re1+
40. Rf1 Qe3+ 41. Kh2 Rxf1 42. Qxf1 Qe5+ 0-1

[Event "WORLD YOUTH UNDER-16 CHESS OLYMPIAD"]
[Site "BURDUR"]
[Date "2010.12.03"]
[Round "9"]
[White "IM Srinath Narayanan"]
[Black "Aripov Iskandar"]
[Result "1-0"]
[WhiteElo "2350"]
[BlackElo "2103"]
[PlyCount "69"]
[EventDate "2010.??.??"]

1. e4 c5 2. Nf3 d6 3. d4 cxd4 4. Nxd4 Nf6 5. Nc3 g6 6. Be3 Bg7 7. f3 O-O 8. Qd2
Nc6 9. O-O-O Nxd4 10. Bxd4 Be6 11. Kb1 Qc7 12. Nb5 Nxe4 13. fxe4 Qb8 14. g4 Rc8
15. h4 a6 16. Nc3 b5 17. h5 Qb7 18. hxg6 hxg6 19. Ne2 Bc4 20. g5 e5 21. Be3
Qxe4 22. Rg1 Bxa2+ 23. Kxa2 Rxc2 24. Qd5 Qa4+ 25. Kb1 Rac8 26. Rc1 e4 27. Nc3
R8xc3 28. bxc3 Bxc3 29. Rg2 b4 30. Bc4 Rxc1+ 31. Bxc1 Qa1+ 32. Kc2 Qa4+ 33. Bb3
Qd7 34. Qa8+ Kg7 35. Rh2 1-0

[Event "WORLD YOUTH UNDER-16 CHESS OLYMPIAD"]
[Site "BURDUR"]
[Date "2010.12.03"]
[Round "9"]
[White "Tomazini Zan"]
[Black "FM Ali Marandi Cemil Can"]
[Result "1-0"]
[WhiteElo "2257"]
[BlackElo "2191"]
[PlyCount "69"]
[EventDate "2010.??.??"]

1. e4 e6 2. d4 d5 3. e5 c5 4. c3 Nc6 5. Nf3 Qb6 6. a3 cxd4 7. cxd4 Nh6 8. b4
Nf5 9. Be3 Bd7 10. Bd3 Be7 11. O-O O-O 12. Nc3 Nxe3 13. fxe3 f6 14. exf6 Rxf6
15. Na4 Qd8 16. Nc5 Bc8 17. Qc2 g6 18. Rf2 Bd6 19. Raf1 b6 20. Ne4 dxe4 21.
Qxc6 Rb8 22. Qxe4 Bb7 23. Qg4 Qe7 24. Ng5 Rxf2 25. Rxf2 Rc8 26. Rf7 Rc1+ 27.
Kf2 Qxf7+ 28. Nxf7 Kxf7 29. Qh4 Kg7 30. Qd8 Bc7 31. Qe7+ Kg8 32. Qxe6+ Kg7 33.
d5 Rc3 34. Qe7+ Kg8 35. d6 1-0

[Event "WORLD YOUTH UNDER-16 CHESS OLYMPIAD"]
[Site "BURDUR"]
[Date "2010.12.03"]
[Round "9"]
[White "Hiti Domen"]
[Black "Dastan Batuhan"]
[Result "0-1"]
[WhiteElo "1952"]
[BlackElo "2101"]
[PlyCount "47"]
[EventDate "2010.??.??"]

1. d4 Nf6 2. c4 g6 3. Nc3 Bg7 4. Nf3 O-O 5. g3 d6 6. Bg2 c5 7. e3 Nc6 8. O-O
cxd4 9. exd4 Rb8 10. b3 a6 11. Bb2 b5 12. cxb5 axb5 13. Qe2 Qb6 14. a4 b4 15.
Nb5 Ne4 16. Nd2 Nxd2 17. Qxd2 Na5 18. Rfd1 f6 19. Bd5+ Be6 20. f3 Rfd8 21. Rab1
Bxd5 22. Qf2 Be4 23. fxe4 Nc4 24. Na3 0-1

[Event "WORLD YOUTH UNDER-16 CHESS OLYMPIAD"]
[Site "BURDUR"]
[Date "2010.12.03"]
[Round "9"]
[White "Yurtseven Melih"]
[Black "Janzekovic Klemen"]
[Result "1/2-1/2"]
[WhiteElo "1972"]
[BlackElo "1897"]
[PlyCount "104"]
[EventDate "2010.??.??"]

1. e4 e5 2. Nf3 Nc6 3. Bb5 a6 4. Ba4 Nf6 5. O-O b5 6. Bb3 Bc5 7. a4 Rb8 8. axb5
axb5 9. c3 d6 10. d4 Bb6 11. h3 O-O 12. Re1 h6 13. Na3 exd4 14. cxd4 Re8 15.
Nxb5 Rxe4 16. Rxe4 Nxe4 17. Bd5 Qe8 18. Qe1 Bf5 19. Nc3 Nxc3 20. Qxe8+ Rxe8 21.
Bxc6 Ne2+ 22. Kh2 Re7 23. Be3 Be4 24. Ne5 dxe5 25. Bxe4 g5 26. d5 Nd4 27. g4
Re8 28. Ra6 Rb8 29. b4 Nb5 30. Bc5 Kg7 31. Bd3 Nc3 32. d6 Bxc5 33. bxc5 Rd8 34.
dxc7 Rc8 35. Rc6 Nd5 36. Rd6 Nf4 37. Ba6 Rxc7 38. c6 Ne6 39. Bc4 Kf6 40. Bb5
Ke7 41. Rd5 f6 42. Ba4 Nd4 43. Ra5 Kd6 44. Ra8 Kc5 45. Kg2 Nxc6 46. Bxc6 Rxc6
47. Rh8 Kd4 48. Rxh6 Kd5 49. h4 gxh4 50. Rxh4 Ke4 51. g5+ Kf5 52. gxf6 Rxf6
1/2-1/2

[Event "WORLD YOUTH UNDER-16 CHESS OLYMPIAD"]
[Site "BURDUR"]
[Date "2010.12.03"]
[Round "9"]
[White "FM Ferreira Jorge Viterbo"]
[Black "FM Kovalev Vladislav"]
[Result "1/2-1/2"]
[WhiteElo "2359"]
[BlackElo "2355"]
[PlyCount "60"]
[EventDate "2010.??.??"]

1. e4 e5 2. Nf3 Nc6 3. Bb5 a6 4. Ba4 Nf6 5. O-O Be7 6. Re1 b5 7. Bb3 d6 8. c3
O-O 9. h3 Na5 10. Bc2 c5 11. d4 Nd7 12. Nxe5 dxe5 13. Nd2 exd4 14. cxd4 Nc6 15.
d5 Nce5 16. a4 Nf3+ 17. Nxf3 bxa4 18. Bxa4 Rb8 19. Ra2 Bf6 20. Bf4 Qe7 21. Bxd7
Qxd7 22. e5 Be7 23. b3 Bb7 24. Rd2 Rbd8 25. Bg3 Rfe8 26. Qc2 g6 27. Red1 Bd6
28. exd6 Qxd6 29. Kh2 h5 30. Qc4 Re3 1/2-1/2

[Event "WORLD YOUTH UNDER-16 CHESS OLYMPIAD"]
[Site "BURDUR"]
[Date "2010.12.03"]
[Round "9"]
[White "Meribanov Vitaly"]
[Black "Neves Pedro"]
[Result "0-1"]
[WhiteElo "2219"]
[BlackElo "2155"]
[PlyCount "124"]
[EventDate "2010.??.??"]

1. e4 c5 2. Nf3 Nc6 3. d4 cxd4 4. Nxd4 g6 5. c4 Nf6 6. Nc3 d6 7. Be2 Bg7 8. Be3
O-O 9. O-O a5 10. Rc1 a4 11. Qd2 Qa5 12. f3 Nxd4 13. Bxd4 Be6 14. Qe3 Nd7 15.
Nb5 Rfc8 16. f4 Bxd4 17. Qxd4 f6 18. Kh1 Rc5 19. Qe3 Qb6 20. Qd2 Qa5 21. Qd1
Qb4 22. a3 Qa5 23. Nd4 Bf7 24. Bg4 Nf8 25. b4 axb3 26. Nxb3 Qc7 27. Nxc5 Qxc5
28. a4 Kg7 29. Qb3 Rb8 30. Qb5 Qe3 31. c5 h5 32. Bh3 Be8 33. c6 Qa7 34. c7 Bxb5
35. axb5 Re8 36. c8=Q Rxc8 37. Rxc8 Qb6 38. Rb1 Kf7 39. g3 Ne6 40. Rc4 Nc5 41.
Bg2 Nd3 42. h3 h4 43. Rc3 Qd4 44. Rbb3 Nc5 45. Ra3 hxg3 46. Rxg3 Qb4 47. e5
Qxb5 48. exd6 exd6 49. Kh2 f5 50. Rae3 Qc4 51. Rg5 Ne6 52. Rgg3 Nc5 53. Rgf3 b5
54. Rc3 Qd4 55. Ra3 b4 56. Ra8 b3 57. Rb8 b2 58. Ra3 Qxf4+ 59. Kh1 Qc1+ 60. Kh2
b1=Q 61. Bd5+ Kf6 62. Rf8+ Ke5 0-1

[Event "WORLD YOUTH UNDER-16 CHESS OLYMPIAD"]
[Site "BURDUR"]
[Date "2010.12.03"]
[Round "9"]
[White "Mateus Francisco"]
[Black "WIM Ziaziulkina Nastassia"]
[Result "0-1"]
[WhiteElo "2069"]
[BlackElo "2293"]
[PlyCount "68"]
[EventDate "2010.??.??"]

1. e4 c5 2. Nf3 d6 3. d4 cxd4 4. Nxd4 Nf6 5. Nc3 e6 6. Be3 a6 7. g4 e5 8. Nf5
g6 9. g5 gxf5 10. exf5 d5 11. gxf6 d4 12. Bc4 Qc7 13. Qe2 dxe3 14. O-O-O h5 15.
Nd5 Qc6 16. Ne7 Bxe7 17. fxe7 Kxe7 18. Bd5 Qb6 19. fxe3 Nd7 20. e4 Nf6 21. Rhg1
Rf8 22. Rg7 Nxd5 23. Rxd5 Qh6+ 24. Qd2 Qxg7 25. Qb4+ Ke8 26. Qd6 f6 27. Qb6 Qe7
28. c4 Bd7 29. Qxb7 Rc8 30. b3 Rg8 31. Qxa6 Rg1+ 32. Kb2 Qb4 33. Qxf6 Rg2+ 34.
Kc1 Qc3+ 0-1

[Event "WORLD YOUTH UNDER-16 CHESS OLYMPIAD"]
[Site "BURDUR"]
[Date "2010.12.03"]
[Round "9"]
[White "Biazliudau Stanislau"]
[Black "Ulyanovskyy Vladimir Viktorovi"]
[Result "1-0"]
[WhiteElo "2199"]
[BlackElo "2024"]
[PlyCount "73"]
[EventDate "2010.??.??"]

1. Nf3 e6 2. c4 Nf6 3. g3 b6 4. Bg2 Bb7 5. O-O Be7 6. b3 c5 7. Bb2 d6 8. d4
cxd4 9. Nxd4 Bxg2 10. Kxg2 O-O 11. Nd2 Qc7 12. N2f3 a6 13. Rc1 Nc6 14. Nc2 Rfd8
15. Ne3 Qb7 16. Kg1 h6 17. Qc2 Rac8 18. Qb1 d5 19. Bxf6 Bxf6 20. cxd5 exd5 21.
Rfd1 d4 22. Ng4 Be7 23. Qe4 Bc5 24. b4 Qe7 25. Nxh6+ gxh6 26. Qg4+ Kf8 27. bxc5
bxc5 28. Qh5 Nb4 29. Qxh6+ Ke8 30. Rd2 Rc6 31. Qh8+ Kd7 32. Ne5+ Kc7 33. Nxc6
Nxc6 34. Qh5 f5 35. Qxf5 Ne5 36. Rxc5+ Qxc5 37. Rc2 1-0

[Event "WORLD YOUTH UNDER-16 CHESS OLYMPIAD"]
[Site "BURDUR"]
[Date "2010.12.03"]
[Round "9"]
[White "Semianiuk Konstantin"]
[Black "Rindlisbacher Jan"]
[Result "1-0"]
[WhiteElo "2030"]
[BlackElo "2155"]
[PlyCount "107"]
[EventDate "2010.??.??"]

1. e4 e5 2. Nf3 Nc6 3. d4 exd4 4. Nxd4 Nf6 5. Nc3 Bb4 6. Nxc6 bxc6 7. Bd3 d5 8.
exd5 cxd5 9. O-O O-O 10. Bg5 c6 11. Qf3 Bd6 12. Rae1 Rb8 13. Nd1 Be6 14. b3 h6
15. Bh4 g5 16. Bg3 Bg4 17. Qe3 Re8 18. Qxa7 Rxe1 19. Rxe1 Ra8 20. Qb7 Bxg3 21.
hxg3 Qa5 22. b4 Qxa2 23. Nc3 Qa7 24. Qxc6 Be6 25. Nb5 Qa4 26. Qc3 Ne4 27. Bxe4
Qxb5 28. Bd3 Qb6 29. b5 Bd7 30. Qb4 Ra2 31. Qb3 Ra5 32. Rb1 Be6 33. Qc3 d4 34.
Qb4 Bd5 35. Qe7 Ra8 36. Re1 Rd8 37. Ra1 Rb8 38. Ra6 Qd8 39. Qe5 Be6 40. Rd6 Qf8
41. Rxd4 Rc8 42. b6 Rb8 43. Qe4 Qg7 44. b7 Qf6 45. Rd6 Kf8 46. Rb6 Qd8 47. Qe5
Kg8 48. c4 Rxb7 49. Rxb7 Qxd3 50. Rb8+ Kh7 51. Rh8+ Kg6 52. Rg8+ Kh5 53. g4+
Kxg4 54. f3+ 1-0

[Event "WORLD YOUTH UNDER-16 CHESS OLYMPIAD"]
[Site "BURDUR"]
[Date "2010.12.03"]
[Round "9"]
[White "Gladstone Simon"]
[Black "Angst Robin(R)"]
[Result "1-0"]
[WhiteElo "1944"]
[BlackElo "2005"]
[PlyCount "59"]
[EventDate "2010.??.??"]

1. e4 e5 2. Nf3 d6 3. d4 exd4 4. Qxd4 Nf6 5. Nc3 Be7 6. b3 O-O 7. Bb2 Nc6 8.
Qd2 Re8 9. O-O-O Bg4 10. h3 Bh5 11. g4 Bg6 12. Bd3 h5 13. g5 Nd7 14. Rhg1 Nc5
15. Nh4 Bf8 16. Nxg6 fxg6 17. Bc4+ Kh7 18. f4 Qd7 19. Qd5 Qe6 20. Qxe6 Nxe6 21.
f5 Ned8 22. Nd5 Rxe4 23. Nf6+ gxf6 24. fxg6+ Kxg6 25. gxf6+ Kh6 26. Bd3 Re6 27.
Rg6+ Kh7 28. Rdg1 Nb4 29. Rg7+ Kh8 30. Rh7# 1-0

[Event "WORLD YOUTH UNDER-16 CHESS OLYMPIAD"]
[Site "BURDUR"]
[Date "2010.12.03"]
[Round "9"]
[White "Naoum Spyridon"]
[Black "Komut Burak"]
[Result "1-0"]
[WhiteElo "1990"]
[BlackElo "2002"]
[PlyCount "91"]
[EventDate "2010.??.??"]

1. d4 Nf6 2. c4 e6 3. Nc3 Bb4 4. g3 O-O 5. Bg2 Qe7 6. Nf3 d6 7. O-O Bxc3 8.
bxc3 e5 9. Rb1 Nc6 10. Qc2 Re8 11. e3 g6 12. Nh4 e4 13. f4 Na5 14. c5 b6 15.
Re1 Ba6 16. Bf1 Bxf1 17. Rxf1 Nc4 18. Qe2 d5 19. g4 bxc5 20. g5 Nh5 21. Rb3
Rab8 22. Qg4 cxd4 23. cxd4 Ng7 24. f5 Qd7 25. Qf4 Nxf5 26. Nxf5 gxf5 27. h4 Rb6
28. h5 Reb8 29. Rc3 f6 30. g6 hxg6 31. hxg6 Kg7 32. Rc2 Rh8 33. Ba3 Rh6 34.
Bf8+ Kxf8 35. Qxh6+ Qg7 36. Qf4 Qxg6+ 37. Rg2 Qh7 38. Rh2 Qg6+ 39. Rg2 Qh7 40.
Rh2 Qg6+ 41. Kh1 Ke7 42. Qxc7+ Ke6 43. Rh7 Qe8 44. Rg1 Rc6 45. Qxa7 f4 46. Rg8
1-0

[Event "WORLD YOUTH UNDER-16 CHESS OLYMPIAD"]
[Site "BURDUR"]
[Date "2010.12.03"]
[Round "9"]
[White "Okay Ilkin Ege"]
[Black "Tsarouha Marianthi"]
[Result "1-0"]
[WhiteElo "1975"]
[BlackElo "1771"]
[PlyCount "93"]
[EventDate "2010.??.??"]

1. e4 c5 2. Nf3 e6 3. d3 Nc6 4. g3 g6 5. Bg2 Bg7 6. O-O Nge7 7. Re1 Qc7 8. c3
O-O 9. Be3 b6 10. a4 d5 11. Qc1 Ba6 12. Rd1 Rfd8 13. Na3 dxe4 14. dxe4 Rxd1+
15. Qxd1 Rd8 16. Qe1 Qd7 17. Bf4 Na5 18. Nd2 Nec6 19. Bf1 Bxf1 20. Nxf1 Nb3 21.
Rb1 Ne5 22. Bxe5 Bxe5 23. Nc4 Bc7 24. Nce3 Qxa4 25. Ng4 Qc4 26. Qe3 Rd3 27. Qh6
Rf3 28. Re1 e5 29. Kg2 Qd3 30. Re3 Qd7 31. Kxf3 Qd1+ 32. Re2 f5 33. exf5 e4+
34. Kg2 Qxe2 35. f6 Kf7 36. Qxh7+ Ke6 37. Qe7+ Kd5 38. Nfe3+ Kc6 39. Qxe4+ Kb5
40. Qe8+ Ka6 41. Qc8+ Ka5 42. Qxc7 Nd2 43. Qxa7+ Kb5 44. Qd7+ Ka6 45. f7 Qf3+
46. Kg1 Ne4 47. Qc8+ 1-0

[Event "WORLD YOUTH UNDER-16 CHESS OLYMPIAD"]
[Site "BURDUR"]
[Date "2010.12.03"]
[Round "9"]
[White "Agnanti Danai-Kalliopi"]
[Black "Karabayir Mustafa Yilmaz(R)"]
[Result "0-1"]
[WhiteElo "1742"]
[BlackElo "1869"]
[PlyCount "56"]
[EventDate "2010.??.??"]

1. e4 e5 2. Nf3 Nf6 3. Nxe5 d6 4. Nf3 Nxe4 5. d4 d5 6. Bd3 Be7 7. O-O Nc6 8. c3
Bg4 9. h3 Bh5 10. Re1 Bg6 11. Bf4 O-O 12. Bc2 Bd6 13. Bxd6 Qxd6 14. Nbd2 Rae8
15. Nxe4 dxe4 16. Nd2 f5 17. Bb3+ Kh8 18. Nc4 Qf6 19. Ne3 Ne7 20. Qd2 f4 21.
Ng4 Qg5 22. Ne5 Nf5 23. Nxg6+ hxg6 24. Kh1 e3 25. Qc2 f3 26. g4 Qh4 27. Kh2
exf2 28. gxf5 fxe1=Q 0-1

[Event "WORLD YOUTH UNDER-16 CHESS OLYMPIAD"]
[Site "BURDUR"]
[Date "2010.12.03"]
[Round "9"]
[White "Whitfield Craig M"]
[Black "Amangeldiyev Gurbangeldi"]
[Result "1/2-1/2"]
[WhiteElo "1960"]
[BlackElo "2004"]
[PlyCount "90"]
[EventDate "2010.??.??"]

1. e4 e6 2. d4 d5 3. Nc3 dxe4 4. Nxe4 Nd7 5. Nf3 Ngf6 6. Nxf6+ gxf6 7. g3 c5 8.
Bg2 Qa5+ 9. Bd2 Qb6 10. Bc3 cxd4 11. Bxd4 Bb4+ 12. c3 Bc5 13. b4 Bxd4 14. Qxd4
e5 15. Qe4 Qc7 16. O-O Nb6 17. Nh4 Nc4 18. Rfd1 Rb8 19. Nf5 Bxf5 20. Qxf5 Ke7
21. Rd5 Nb6 22. Rc5 Qd6 23. Qh5 Rbc8 24. Rd1 Qb8 25. Bh3 Rcd8 26. Rxd8 Rxd8 27.
Qxh7 Qd6 28. Qe4 Qd1+ 29. Bf1 Rd7 30. Qe2 Qc1 31. Qf3 Qe1 32. Qe3 Qd1 33. Kg2
Nd5 34. Qf3 Qd2 35. Bb5 Rd8 36. c4 Nf4+ 37. gxf4 Rg8+ 38. Kh3 Rh8+ 39. Kg4 f5+
40. Kg3 Rg8+ 41. Kh3 Rh8+ 42. Kg2 Rg8+ 43. Kh3 Rh8+ 44. Kg2 Rg8+ 45. Kh3 Rh8+
1/2-1/2

[Event "WORLD YOUTH UNDER-16 CHESS OLYMPIAD"]
[Site "BURDUR"]
[Date "2010.12.03"]
[Round "9"]
[White "Meredov Shanepes"]
[Black "Foster James M"]
[Result "1/2-1/2"]
[WhiteElo "1872"]
[BlackElo "1953"]
[PlyCount "122"]
[EventDate "2010.??.??"]

1. e4 e6 2. d4 d5 3. exd5 exd5 4. Nf3 Bd6 5. Bd3 Nf6 6. Qe2+ Be6 7. Bf5 Qe7 8.
Bxe6 Qxe6 9. Qxe6+ fxe6 10. O-O Nc6 11. c3 O-O 12. Re1 Rae8 13. Ne5 Ne4 14. f3
Nxe5 15. dxe5 Bc5+ 16. Be3 Bxe3+ 17. Rxe3 Nc5 18. Na3 c6 19. Rd1 Nd7 20. Nc4
Nb6 21. Nd6 Re7 22. Rde1 Rd8 23. f4 Nc4 24. Nxc4 dxc4 25. g4 Rf7 26. f5 Rd2 27.
R1e2 Rxe2 28. Rxe2 Kf8 29. fxe6 Re7 30. Kf2 Rxe6 31. Kf3 Kf7 32. Ke4 Rh6 33.
Rd2 Ke7 34. b3 Rh3 35. bxc4 Rxc3 36. Kd4 Rf3 37. Ke4 Rf1 38. c5 Rb1 39. g5 Rb5
40. g6 hxg6 41. Rd6 Rxc5 42. Rxg6 Kf7 43. Rd6 Rb5 44. Rd7+ Kg6 45. Rd6+ Kf7 46.
Rd7+ Ke6 47. Rd6+ Ke7 48. Rg6 Kf7 49. Rd6 Rb2 50. Rd7+ Kg6 51. Rd6+ Kg5 52. h4+
Kxh4 53. Rg6 Rxa2 54. Rxg7 b5 55. Rc7 b4 56. Kd3 Ra3+ 57. Kc4 a5 58. e6 Re3 59.
e7 b3 60. e8=Q Rxe8 61. Kxb3 Re6 1/2-1/2

[Event "WORLD YOUTH UNDER-16 CHESS OLYMPIAD"]
[Site "BURDUR"]
[Date "2010.12.03"]
[Round "9"]
[White "Gurtgeldiyeva Abadan"]
[Black "Archer-Lock Adrian"]
[Result "0-1"]
[WhiteElo "1655"]
[BlackElo "1844"]
[PlyCount "124"]
[EventDate "2010.??.??"]

1. e4 e6 2. d4 d5 3. e5 c5 4. c3 Qb6 5. Nf3 Nc6 6. Bd3 Bd7 7. Bc2 cxd4 8. cxd4
Nb4 9. O-O Nxc2 10. Qxc2 Rc8 11. Nc3 Ne7 12. Qd1 Nc6 13. a3 Be7 14. Re1 O-O 15.
Na4 Qc7 16. Bf4 b5 17. Nc3 Qb6 18. Rc1 Na5 19. Qd3 Nc4 20. Rb1 h6 21. Nd2 b4
22. axb4 Bxb4 23. Nxc4 Rxc4 24. Qg3 Kh8 25. Be3 Qc6 26. Qh4 Kh7 27. Bd2 Qb6 28.
Be3 Rb8 29. g4 Kg8 30. Qg3 Qc7 31. g5 hxg5 32. Bxg5 Rxd4 33. Bf6 Bf8 34. Ne2
Re4 35. Rec1 Qb6 36. Nc3 Rc4 37. b3 Rb4 38. h4 Qd4 39. Bg5 Rxb3 40. Rxb3 Rxb3
41. Be3 Qc4 42. Na2 Rxe3 43. Qxe3 Qxa2 44. Rc7 Qa4 45. Rxa7 Qg4+ 46. Kh2 Qxh4+
47. Kg1 Qg4+ 48. Kh2 Bb5 49. Ra8 Bf1 50. Qg3 Qxg3+ 51. Kxg3 g6 52. Kf3 Kg7 53.
Ra1 Bc4 54. Rd1 Bc5 55. Kg3 Bb6 56. f4 d4 57. Kf3 Bd5+ 58. Ke2 Be4 59. Kd2 d3
60. Ra1 Bf5 61. Ra3 Bf2 62. Ra4 f6 0-1

[Event "World Youth Under-16 Chess Olympiad"]
[Site "Burdur"]
[Date "2010.12.03"]
[Round "9"]
[White "FM Du Toit Stefan"]
[Black "Pretorius Deon"]
[Result "1/2-1/2"]
[WhiteElo "1673"]
[BlackElo "1839"]
[PlyCount "81"]
[EventDate "2010.??.??"]

1. c4 Nf6 2. Nc3 e6 3. Nf3 d5 4. cxd5 exd5 5. d4 c6 6. Bg5 Be7 7. e3 h6 8. Bh4
Bf5 9. Bd3 Ne4 10. Bxe7 Qxe7 11. O-O O-O 12. Bxe4 dxe4 13. Nd2 Nd7 14. b4 Nf6
15. Qb3 Rfd8 16. a4 Nd5 17. Nxd5 cxd5 18. Rfc1 Be6 19. b5 b6 20. Rc6 Bd7 21.
Rc7 Qd6 22. Rac1 Rdc8 23. Rxc8+ Rxc8 24. Rxc8+ Bxc8 25. Nb1 a5 26. Qc3 Bg4 27.
h3 Be2 28. Qc6 Qe6 29. Nc3 Bc4 30. Kh2 g5 31. Kg3 Kg7 32. Qxe6 fxe6 33. f3 exf3
34. gxf3 Kg6 35. f4 Kf5 36. fxg5 hxg5 37. h4 gxh4+ 38. Kxh4 e5 39. Kg3 e4 40.
Kh4 Bb3 41. Kh5 1/2-1/2